Kerugian apa yang diderita dunia akibat kemerosotan kaum muslimin
| Main Author: | |
|---|---|
| Format: | Book |
| Published: |
Kuwait ,
IIFSO , 1984
|
| Subjects: |
MARC
| LEADER | 00000cam a2200000 7i4500 | ||
|---|---|---|---|
| 001 | 0000004040 | ||
| 005 | 20050629.0 | ||
| 040 | |a INS | ||
| 090 | 0 | 0 | |a D199.3. |b N3152 1984 |
| 100 | 0 | |a Abul Hasan Aliy Al Hasaniy Al Nadwiy | |
| 245 | 1 | 0 | |a Kerugian apa yang diderita dunia akibat kemerosotan kaum muslimin |c Abul Hasan Aliy Al Hasaniy Al Nadwiy |
| 260 | |a Kuwait , |c IIFSO , |c 1984 | ||
| 300 | |a 371p ; |c 16cm. | ||
| 650 | 0 | 0 | |a Islam |
| 999 | |a 0000005252 |b BOOK |c Open Shelf |e Default branch | ||